| 000 | 00000nam 2200000zi 4500 |
| 001 | 9.892832 |
| 003 | CaOODSP |
| 005 | 20230427130525 |
| 006 | m o d f |
| 007 | cr bn||||||||| |
| 008 | 201026e200110##onc ob f000 0 eng d |
| 040 | |aCaOODSP|beng|erda|cCaOODSP |
| 043 | |an-cn--- |
| 086 | 1 |aIu44-244/2001E-PDF |
| 245 | 00|aIdentification and preliminary analysis of the forces and pressures shaping the Canadian economy : |boverview document to support industrial analysis research : final report. |
| 264 | 1|a[Ottawa] : |bIndustry Sector, Industry Canada, |cOctober 2001. |
| 300 | |a1 online resource (60 pages) |
| 336 | |atext|btxt|2rdacontent |
| 337 | |acomputer|bc|2rdamedia |
| 500 | |aDigitized edition from print [produced by Innovation, Science and Economic Development Canada]. |
| 504 | |aIncludes bibliographical references. |
| 650 | 0|aGlobalization. |
| 650 | 0|aInternational economic integration. |
| 650 | 0|aCompetition|zCanada. |
| 650 | 0|aTechnological innovations|zCanada. |
| 650 | 6|aMondialisation. |
| 650 | 6|aIntégration économique internationale. |
| 650 | 6|aConcurrence|zCanada. |
| 650 | 6|aInnovations|zCanada. |
| 651 | 5|aCanada|xEconomic conditions|y1991- |
| 651 | 5|aCanada|xEconomic policy|y1991- |
| 651 | 0|aCanada|xForeign economic relations. |
| 651 | 6|aCanada|xConditions économiques|y1991- |
| 651 | 6|aCanada|xPolitique économique|y1991- |
| 651 | 6|aCanada|xRelations économiques extérieures. |
| 710 | 1 |aCanada. |bIndustry Canada, |eissuing body. |
| 856 | 40|qPDF|s1.34 MB|uhttps://publications.gc.ca/collections/collection_2023/isde-ised/Iu44-244-2001-eng.pdf |